000 00599nam a2200181Ia 4500
008 151202s9999||||xx |||||||||||||| ||und||
082 _bPNVM-60301
100 _aपंडित विद्यासागर.
245 _aसुपर क्लोन.
260 _b"सन पब्लिकेशन,पुणे."
260 _c60301
300 _a123
600 _aपंडित विद्यासागर.
630 _aसुपर क्लोन.
700 _aपंडित विद्यासागर.
730 _aसुपर क्लोन.
942 _cBOOK
999 _c1326835
_d1326832